000 00638nam a2200241 4500
001 1265981
005 20180301081833.0
008 720417s1972 nyu b 001 0 eng
010 _a 74174824
020 _a0465027016
040 _aDLC
_cDLC
_dDLC
041 _aeng
043 _an-us---
080 _a371.010973 COL
082 0 0 _a371.010973 COL
100 1 _a25
101 _aEDU
245 1 4 _aThe great school legend;
350 _a$6.95
504 _aBibliography: p. 186-202.
906 _a7
_bcbc
_corignew
_d2
_encip
_f19
_gy-gencatlg
942 _2ddc
_cBK
999 _c43850
_d43850